00185nam a22000977a 4500003000400000082000800004100001900012245001800031260003000049300000800079SGT bKUM aKUMAR, MUNESH  aKLA SHIKSHAN  aDELHI bINDIAN PUB.c2008 a224